| 000 | 00577nam a2200229Ia 4500 | ||
|---|---|---|---|
| 008 | 210210b2012 xxu||||| |||| 00| 0 eng d | ||
| 020 | _a9780071077903 | ||
| 041 | _aeng | ||
| 082 | _a519.5 ACZC | ||
| 100 | _aACZEL (Amir D) | ||
| 245 | _aComplete business statistics Ed 7 | ||
| 260 |
_aNew Delhi _bTata McGraw Hill Education Pvt. Ltd. _c2012 |
||
| 300 | _axxvii,960 | ||
| 650 | _astatistics | ||
| 650 | _aEd | ||
| 650 | _aComplete | ||
| 650 | _abusiness | ||
| 650 | _a7 | ||
| 690 | _aBusiness Statistics | ||
| 700 | _aSOUNDERPANDIAN (Jayavel) | ||
| 906 | _a066796 | ||
| 999 |
_c149239 _d149239 |
||